000 00805nam a22001937a 4500
005 20250421093038.0
008 250407b |||||||| |||| 00| 0 eng d
020 _a9780282383220
_cRs.1081.00
040 _aLoreto College
041 _aEnglish
082 _a300.72
_bWEB
100 _aWeber,Max
245 _aMax Weber on the Methodology of the Social Sciences
_cMax Weber
260 _aLondon
_b Forgotten Books
_c©2018
300 _a188p.
_b22cm.
650 _aSocial science-Methodology
850 _aLCLIB
_bPCCHANDRA
942 _cBK
999 _c44021
_d94500